1825 1214 1051 1183 1870 1069 1414 1816 1111 1930 1917 1525 1155 1331 1369 1466 1784 1807 1069 1847 1083 1799 1264 1729 1147 1614 1823 1963 1893 1588 1098 1456 1734 1718 1253 1744 1480 1834 1157 1119 1220 1367 1872 1022 1623 1026 1663 1603 1747 1200 1885 1335 1487 1109 1732 1949 1962 1996 1645 1599 1627 1990 1108 1688 1914 1854 1832 1164 1359 1963 1502 1042 1226 1298 1055 1140 1522 1973 1723 1485 1548 1435 1528 1699 1873 1978 1572 1839 1058 1670 1033 1797 1940 1184 1430 1299 1007 1358 1334 BCNSPRNW ULIB Ver.6.0+V

เปลี่ยนเป็นภาษาไทย

Change to English
 แสดงรายละเอียดบรรณานุกรม
  กลับหน้าหลัก

Brief Record : Get Marc (ISO 2709) : E-mail record : QR code < ปิดหน้าต่าง
LEADER : 00000nam 2200000uu 4500
001    13399113448
003     ULIB
008    110616s2551||||th 000 0 tha d
020    9740665427
090    นว.^bK111ค 2551
100 1  Kang Joo Hyun
245 10 เคล็ดลับพัฒนาตนเองจากเกาหลี : ไม่ยากถ้าอยากฉลาดพูด /^cKang Joo Hyun
250    พิมพ์ครั้งที่ 1
260    กรุงเทพฯ :^bนานมีบุ๊คส์,^c2551
300    98 หน้า
710 2  นานมีบุ๊คส์
945    ^p155^l0^i024658
995    ทศพร
999 ^a ใช้งานได้ทุกระบบ
รายการนี้ยังไม่มีแท็ก
คุณยังไม่ได้ล็อกอิน คุณสามารถมีกิจกรรมร่วมกับเว็บไซต์ได้ แต่ต้องล็อกอินก่อน ::
  ล็อกอิน

รายการสื่อสารสนเทศ

ลำดับที่ ประเภท เลขเรียก/บาร์โค้ด สถานที่ สถานะ
1. นวนิยาย
นวนิยาย
นว. K111ค 2551 ฉ.1 
  Barcode: 024658
ห้องสมุดวิทยาเขตสวรรค์ประชารักษ์
►นวนิยาย
บนชั้น
  ขอยืม

BibComment


ยังไม่เคยถูกคอมเมนท์

คอมเมนท์ทรัพยากรรายการนี้
  คอมเมนท์: เคล็ดลับพัฒนาตนเอ..


 Copyright 2026. Bcnsprnw @Library